Fort Boyard : Les jeux de Blanche et de Bleue - Statistiques

Statistiques générales
  • Ce quiz a été pris 23 fois
  • Le résultat moyen est 20 sur 38
Statistiques - réponses
Hint Réponse % Correct
2011 Le candidat doit faire coulisser une balle le long de deux tiges métalliques afin de mettre la balle dans un cylindre métallique disposé face à lui Pièce mince et longue T Les deux {tiges}
81%
2013 Situé face à une roue qui tourne et composée de rayons bleus et blancs, le candidat doit énoncer la couleur sur laquelle la balle qu'il lancera tombera lorsque la roue cessera de tourner. Disque tournant sur son axe R La {Roue} du destin
75%
2012 Le candidat doit à l’aide d’une planche munie de poignées faire rouler une balle jusqu’à un réceptacle situé à l’extrémité de la planche. Bois long et étroit P La {Planche}
69%
2024 Le candidat doit faire progresser un ballon jusqu'à un panier situé au bout du parcours Crâne T La {tête} bien faite
69%
2024 Le candidat doit faire voler un avion et le faire passer à l'intérieur de 3 cadres. Aéroplane A L'{Avion}
69%
2014 Le candidat doit doser son lancer Rond C Le {Cercle}
69%
2016 Le candidat doit souffler sur une balle, son objectif est de placer la balle dans la zone d'arrivée située à l'extrémité d'une table en pente. Aspiration/Expiration S Le {Souffle}
69%
2016 Le candidat doit faire descendre une balle sur un plan incliné sans que la balle ne tombe au sol. De tennis parfois B La {balle} sur la planche
63%
2014 Le candidat fait face à un billard et dispose de 3 balles représentant ses 3 essais A parfois des poches B Le {Billard}
63%
2022 Le candidat doit réussir à faire tomber un cube dans un cylindre C Le {Cube}
63%
2011 Le candidat doit faire rouler une balle le long de cette plateforme afin que cette dernière tombe dans le trou situé à l’extrémité sur la dernière plaque. Etages N Les trois {niveaux}
63%
2012 Le candidat doit maintenir une balle sur un support instable tout en effectuant le parcours et réaliser des allers-retours entre les paliers. En haut d'un étage P Les trois {paliers}
63%
2016 Après avoir placé la balle dans un toboggan qui tombera sur une louche, le candidat devra placer la balle dans un réceptacle. Jeu de glisse T Le {Toboggan}
63%
2017 Face au candidat se trouve une table avec à l'extrémité un petit volcan avec un trou à son centre. Etna V Le {Volcan}
63%
2016 Le candidat doit faire descendre une balle sur un chemin sinueux entouré par du vide. Sentier C Le {Chemin}
56%
2018 Le candidat va devoir faire glisser une balle le long de la table et faire en sorte que la balle s'arrête dans la zone collante. Opposé à pile F Le double-{face}
56%
2019 Le candidat doit envoyer une des trois billes à sa disposition dans un trou Billard électrique F Le {Flipper}
56%
2019 Le candidat doit amener une balle au bout d'un parcours. Oeuvre de Dédale L Le {Labyrinthe}
56%
2024 Le candidat doit reproduire une combinaison proposée par le Sirène Qu'on peut voir V L'énigme {visuelle}
56%
2017 Le candidat doit faire rouler une balle le long d'une table Miroirs G L'essuie-{glaces}
56%
2017 Le candidat doit réussir à faire glisser une balle jusqu'à un trou. Courbe V Le {Virage}
56%
2017 Le candidat est situé sous un distributeur de balles constitués de plusieurs tuyaux. Arrêt S {Stop} Chute
56%
2014 Le candidat doit réussir à élever un support dans les airs afin de mettre une balle dans un réceptacle situé en hauteur sur sa droite Conduit G La {Gouttière}
50%
2012 Le candidat dispose de cinq balles de ping-pong et d’une paille transparente Fêtu P La {Paille}
50%
2014 Le candidat dispose d'un support auquel est relié une balle par le biais d'une corde. Jeu à la mode au XVIe siècle B Le {Bilboquet}
50%
2016 Le candidat est placé face à une structure inclinée composée de clous Ascète hindou F Le {Fakir}
50%
2012 Le candidat doit résister à la force de Coriolis Support P Le {Plateau} tournant
50%
2018 Le candidat, aveuglé par un masque, va devoir enjamber une barrière sans faire tomber la balle Clôture B Les trois {Barrières}
50%
2011 Soumis à la force de Coriolis par le biais d’une plaque tournante, le candidat doit lancer dans un but une balle. Qui a fait une rotation T Le {Tourné}-lancé
50%
2021 Le candidat va défier une machine qui lance des balles. Trait L La {Ligne}
44%
2018 Le candidat va devoir envoyer la balle dans un cylindre situé en face de lui. Figure de voltige L Le {Looping}
44%
2011 Placé sur une plateforme en hauteur, le candidat doit réussir à mettre une balle dans un réceptacle située en contrebas à la verticale. Ronds C Les trois {Cercles}
44%
2021 Le candidat doit reconstituer une combinaison de 5 balles bleues ou blanches Assemblage C La {Combinaison}
38%
2011 Le candidat doit faire transvaser une balle dans un cylindre situé face à lui. Pour mieux sauter P La {Perche}
38%
2021 Le candidat doit briser une vitre Baliste C La {Catapulte}
31%
2020 Le candidat doit faire tomber une balle dans le cylindre en mouvement situé au bout du parcours. Arme australienne B Les {Boomerangs}
31%
2019 Le candidat fait rouler une balle sur un parcours légèrement incliné. Dirigeur A L'{Aiguilleur}
19%
2015 Face à une piste se trouve un trou dans lequel le candidat doit faire tomber la balle. Support plat P Les {Platines}
13%
Aucun quiz correspondant
Distribution des résultats
% des personnes avec chaque résultat
Percentile par nombre de réponses
Votre historique - résultats
Vous n’avez pas pris ce quiz